000 01007nam a22003017a 4500
001 6147
003 FISKH
005 20250320094018.0
008 250320b cb ||||| |||| 00| 0 eng d
020 _a9780545722803
040 _aFISKH
_beng
_cFISKH
_dFISKH
050 _aE185 .N427
082 _a973.0496073
100 _aNelson, Kadir
245 _aHeart and soul :
_bThe story of America and African Americans /
_cBy Kadir Nelson
250 _aFirst Scholastic printing, January 2014
260 _aNew York :
_bScholastic ;
_c2011.
300 _a112 pages :
_bcolor illustrations ;
_c26 cm .
505 _aZ
520 _aAn simple introduction to African-American history, from Revolutionary-era slavery up to the election of President Obama.
521 8 _a1050
_bLexile
521 8 _aZ
_bRaz-Plus
650 _aAfrican American history
_vNon-fiction
650 _aBlack history
_vNon-fiction
700 _aRago, Martha
_eTypographer
942 _2ddc
_cBK
_n0
999 _c6147
_d6147